00476nam a2200193 a 4500001001300000003000900013005001700022008004100039020000900080082001600089100002400105245002200129260002300151300000900174500003500183505001000218650003000228700002400258nice12345678IN_TiNIC20260116012131.0050524s1977 dela grp 000 0 urd  ac1400a297.63bRIZ aRizvi, Syed Mahboob aMaktoobate-Nabawi aDelhibTajcoc1977 a320p aincludes index and biblioraphy2 aNotes aMuhammad, Prophet-Letters1 aRizvi, Syed Mahboob